00417nam a2200181Ia 4500008004100000020001800041050001400059100001800073245002400091245002100115260001500136260001600151260000900167300001400176300002700190300001000217500000800227170918s9999 xx 000 0 und d a9780590411098 bH974 1986 aHutchins, Pat 4aThe doorbell rang / cby Pat Hutchins. aNew York : bScholastic, c1986 aunpaged : bcolored illustration ; c19cm. a340